<?xml version="1.0" encoding="UTF-8"?>
<marc:record xmlns:marc="http://www.loc.gov/MARC21/slim">
   <marc:leader>00000nam a2200000 a 4500</marc:leader>
   <marc:datafield ind1="1" ind2=" " tag="100">
      <marc:subfield code="a">Troi, Heidi</marc:subfield>
      <marc:subfield code="4">aut</marc:subfield>
      <marc:subfield code="e">Verfasser/-in</marc:subfield>
   </marc:datafield>
   <marc:datafield ind1=" " ind2=" " tag="653">
      <marc:subfield code="a">Krimis, Thriller, Spionage</marc:subfield>
   </marc:datafield>
   <marc:datafield ind1="0" ind2="0" tag="245">
      <marc:subfield code="a">Zum Limoncello eine Leiche</marc:subfield>
   </marc:datafield>
   <marc:datafield ind1="0" ind2="0" tag="245">
      <marc:subfield code="c">Heidi Troi</marc:subfield>
   </marc:datafield>
   <marc:datafield ind1=" " ind2="1" tag="264">
      <marc:subfield code="a">Berlin</marc:subfield>
      <marc:subfield code="b">epubli</marc:subfield>
      <marc:subfield code="c">2024</marc:subfield>
   </marc:datafield>
   <marc:datafield ind1="1" ind2=" " tag="490">
      <marc:subfield code="a">Ein Fall für Bianca Rossi</marc:subfield>
      <marc:subfield code="v">1</marc:subfield>
   </marc:datafield>
   <marc:datafield ind1=" " ind2=" " tag="250">
      <marc:subfield code="a">3. Auflage</marc:subfield>
   </marc:datafield>
   <marc:datafield ind1="1" ind2=" " tag="520">
      <marc:subfield code="a">Marescialla Bianca Rossi wird zu einem Fall am Gardasee abkommandiert. Giulia, die Millionenerbin der Familie Facchetti, ist verschwunden. Alles deutet auf Entführung hin, doch der Entführer lässt nichts von sich hören und die Zeit drängt. Die öffentliche Bekanntgabe der Verlobung zwischen Giulia Facchetti und Benedetto Paris steht nämlich kurz bevor.&#xD;
Dann wird ein Boot ans Ufer des Gardasees gespült, in dem sich zwei Männerleichen befinden. Einer der Toten ist der Geschäftsführer der Facchetti-Group und Giulias Pate.&#xD;
&#xD;
Bianca Rossi stürzt sich in die Ermittlungen. Doch der ihr zugeteilte Beamte Ugo Lorenzini stiftet mehr Verwirrung, als dass er ihr assistiert und dann sind da noch Biancas eigene Dämonen, gegen die sie kämpfen muss.&#xD;
&#xD;
Ein süß-saurer Krimi wie Limoncello.</marc:subfield>
   </marc:datafield>
   <marc:datafield ind1=" " ind2=" " tag="020">
      <marc:subfield code="a">9783759810045</marc:subfield>
      <marc:subfield code="9">9783759810045</marc:subfield>
   </marc:datafield>
   <marc:datafield ind1=" " ind2=" " tag="020">
      <marc:subfield code="a">3759810047</marc:subfield>
      <marc:subfield code="9">3759810047</marc:subfield>
   </marc:datafield>
   <marc:datafield ind1=" " ind2=" " tag="041">
      <marc:subfield code="a">ger</marc:subfield>
   </marc:datafield>
   <marc:datafield ind1=" " ind2=" " tag="300">
      <marc:subfield code="a">392 Seiten</marc:subfield>
   </marc:datafield>
</marc:record>
